[Event "Bangkok op 14th"]
[Site "Bangkok"]
[Date "2014.04.15"]
[Round "5"]
[White "Xiaobing, Gu"]
[Black "Socko, Monika"]
[Result "0-1"]
[WhiteElo "2265"]
[BlackElo "2450"]
[PlyCount "82"]
[EventDate "2014.04.12"]
[EventType "swiss"]
[EventRounds "9"]
[EventCountry "THA"]
[SourceTitle "CBM 159 Extra"]
[Source "ChessBase"]
[SourceDate "2014.04.24"]
[SourceVersion "1"]
[SourceVersionDate "2014.04.24"]
[SourceQuality "1"]

1. e4 e6 2. d4 d5 3. Nd2 Nf6 4. e5 Nfd7 5. Bd3 c5 6. c3 Nc6 7. Ne2 a5 8. 0-0 a4 9. Nf3 a3 10. b3 cxd4 11. cxd4 Nb4 12. Bb5 Qa5 13. Nc3 Nc6 14. Qd3 Bb4 15. Bd2 h6 16. Ne1 0-0 17. Nc2 Bxc3 18. Bxc3 Qb6 19. Qe2 f5 20. Rfc1 Rf7 21. Bxc6 bxc6 22. Bb4 f4 23. Qd2 c5 24. dxc5 Qc7 25. Bxa3 Nxe5 26. Bb2 Ng4 27. h3 Nf6 28. Nd4 Ne4 29. Qd1 e5 30. Nf3 d4 31. Qe2 Bf5 32. c6 Re8 33. b4 d3 34. Qe1 Ng5 35. Nxe5 f3 36. Qc3 fxg2 37. f4 Nxh3+ 38. Kh2 Nxf4 39. Qc4 Rxe5 40. Bxe5 Qxe5 41. Qc5 Qe2 0-1